000 00985nas a2200313 4500
001 BR0202182
003 BR-BrBNA
005 20231205102919.0
007 ta
008 230509b bl.|||p| |||| 00| 00por d
040 _aBR-BrBNA
_bpor
_cBiblioteca Nacional de Agricultura
041 _a(Pt)
072 _aL40
100 1 _aFreitas, R.R. de
100 1 _aStopiglia, A.J.
100 1 _aJatene, F.B.
100 1 _aMacruz, R.
100 1 _aArmigliato, A.L.
100 1 _aMonteiro, R.
245 1 _aVariações de posição dos anéis fibrosos atrioventriculares esquerdo e aórtico em corações normais da espécie humana, eqüina, suína e canina. Estudo anatômico comparativo
650 _aCAVALO
650 _aSUÍNO
650 _aCÃO
650 _aCORAÇÃO
650 _aESTRUTURA ANIMAL
773 0 _tVeterinária Notícias (Brazil)
_xISSN 0104-3463
_g(2001), v. 7(2) p. 45-51
_wBR0202182
909 _a202311
_bLúcia
_c55
_dLúcia Elande
942 _2AGRIS
_n0
_cANA
999 _c170042
_d170042